Chess Pieces - Statistics

General Stats
  • This quiz has been taken 23 times
  • The average score is 5 of 6
Answer Stats
Hint Answer % Correct
can do 1 in any direction King
100%
can go diagonally or forward any number Queen
100%
can only move 1 forward and sometimes 1 diagonally Pawn
90%
moves diagonally Bishop
85%
move 2 in one way and 1 in another Knight
85%
can move forward any number of spaces Rook
85%
No matching quizzes found
Score Distribution
Percent of People with Each Score
Percentile by Number Answered
Your Score History
You have not taken this quiz